Playboi Carti - Top 25 najczęściej odtwarzanych piosenek - Statystyki

Ogólne statystyki
  • Ten quiz został rozwiązany 76 razy
    29 od ostatniego zresetowania
  • Średni wynik to 15 z 25
Statystyki odpowiedzi
Hint Odpowiedź % Poprawnych
Playboi Carti Magnolia
100%
Whole Lotta Red Stop Breathing
96%
Die Lit Shoota
87%
Whole Lotta Red Sky
87%
Playboi Carti Location
83%
Whole Lotta Red Rockstar Made
83%
Die Lit R.I.P.
78%
MUSIC EVIL J0RDAN
74%
Die Lit Long Time - Intro
70%
Playboi Carti wokeuplikethis*
70%
Whole Lotta Red ILoveUIHateU
65%
MUSIC RATHER LIE
65%
MUSIC TOXIC
65%
Whole Lotta Red New Tank
61%
Whole Lotta Red Vamp Anthem
52%
Playboi Carti New Choppa
48%
Singiel ALL RED
43%
Playboi Carti Flex
43%
Whole Lotta Red Over
43%
Die Lit Fell In Luv
39%
Die Lit Love Hurts
39%
Die Lit FlatBed Freestyle
35%
Whole Lotta Red On That Time
26%
Die Lit Foreign
22%
Playboi Carti Yah Mean
17%
Nie znaleziono quizów pasujących do podanych kryteriów
Rozkład punktacji
Procent ludzi z każdym wynikiem
Percentyl według liczby udzielonych odpowiedzi
Twoja historia wyników
Nie rozwiązałeś tego quizu od ostatniego zresetowania